| 000 | 00386nam a22001577a 4500 | ||
|---|---|---|---|
| 999 |
_c8232 _d8232 |
||
| 003 | GBCCL | ||
| 005 | 20241126110646.0 | ||
| 008 | 190729b ||||| |||| 00| 0 eng d | ||
| 040 | _cGBC | ||
| 082 |
_a248 _bSCO |
||
| 245 |
_aThe life of God in the soul of man/ _cby Henry Scougal |
||
| 260 |
_aLondon: _bIVF _c1962 |
||
| 300 | _a80p. ; | ||
| 650 |
_aChristian life _9183 |
||
| 942 |
_2ddc _cBK |
||